[Event "Open A"]
[Site "Panevezys"]
[Date "2009.08.18"]
[Round "2.13"]
[White "Rimeikis, Andrius"]
[Black "Novikovas, Anatolijus"]
[Result "1-0"]
[WhiteElo "1988"]
[BlackElo "1916"]
[PlyCount "101"]
[EventDate "2009.08.??"]

1. e4 c5 2. Nf3 e6 3. d4 cxd4 4. Nxd4 Nc6 5. Nb5 d6 6. Bf4 e5 7. Be3 a6 8. N5c3
Nf6 9. Bg5 Be7 10. Bxf6 Bxf6 11. Nd5 O-O 12. Be2 b5 13. Bg4 Be7 14. Nd2 Nd4 15.
Bxc8 Rxc8 16. c3 Ne6 17. O-O Re8 18. Qe2 Rb8 19. Rfd1 Bf8 20. Nf1 Nc5 21. Qf3
Re6 22. g3 Na4 23. Rd2 Nb6 24. Nxb6 Qxb6 25. Ne3 g6 26. Nd5 Qd8 27. a4 Bh6 28.
Rc2 Bg7 29. axb5 axb5 30. Ra7 Qf8 31. b4 f5 32. Rca2 Ree8 33. Rc7 Rbc8 34. Raa7
Rxc7 35. Rxc7 Kh8 36. Rb7 Ra8 37. Rxb5 Ra1+ 38. Kg2 Qc8 39. exf5 gxf5 40. Ne7
Qe8 41. Qxf5 Ra8 42. Rb7 Rb8 43. Rxb8 Qxb8 44. Qc8+ Qxc8 45. Nxc8 d5 46. Nb6 d4
47. cxd4 exd4 48. Kf3 Bf8 49. Nd5 Bd6 50. Ke4 Bb8 51. b5 1-0

[Event "Open A"]
[Site "Panevezys"]
[Date "2009.08.18"]
[Round "2.15"]
[White "Kuvsinov, Anatolij"]
[Black "Voroblievas, Arturas"]
[Result "1-0"]
[WhiteElo "1984"]
[BlackElo "1868"]
[PlyCount "85"]
[EventDate "2009.08.??"]

1. e4 e5 2. Nf3 Nc6 3. Bb5 a6 4. Bxc6 dxc6 5. d4 exd4 6. Qxd4 Qxd4 7. Nxd4 Nf6
8. f3 Bc5 9. Be3 Bd7 10. Nd2 O-O-O 11. O-O-O Rhe8 12. Rhe1 h6 13. g4 Bb6 14. c3
Bxd4 15. Bxd4 Nxg4 16. Bxg7 Rg8 17. Bd4 f6 18. fxg4 Bxg4 19. Bxf6 Rde8 20. Rf1
Bxd1 21. Kxd1 Rg2 22. h4 Re6 23. e5 Re8 24. Ke1 Kd7 25. Rf2 Rg4 26. Ke2 c5 27.
Ke3 b5 28. Ne4 Kc6 29. Kf3 Rg1 30. Kf4 a5 31. Kf5 Re1 32. e6 Rxe4 33. Kxe4
Rxe6+ 34. Kf5 Re1 35. Kg6 Ra1 36. a3 b4 37. cxb4 cxb4 38. axb4 Ra2 39. bxa5
Rxa5 40. Kxh6 Kd7 41. h5 c5 42. Kg6 Ra2 43. h6 1-0

[Event "Open A"]
[Site "Panevezys"]
[Date "2009.08.18"]
[Round "2.16"]
[White "Ralys, Vincas"]
[Black "Zebelis, Rimantas"]
[Result "1-0"]
[WhiteElo "1868"]
[BlackElo "1982"]
[PlyCount "65"]
[EventDate "2009.08.??"]

1. e4 c5 2. Nf3 d6 3. d4 cxd4 4. Nxd4 Nf6 5. Nc3 a6 6. Bg5 Nbd7 7. Bc4 b5 8.
Bb3 Bb7 9. O-O h6 10. Bxf6 Nxf6 11. f4 e5 12. Nf5 g6 13. Ng3 Bg7 14. f5 g5 15.
Nh5 O-O 16. Nxf6+ Bxf6 17. Qh5 Kg7 18. Bd5 Rc8 19. Bxb7 Qb6+ 20. Kh1 Qxb7 21.
Nd5 Rh8 22. c3 Rc4 23. Rad1 Rxe4 24. Nxf6 Kxf6 25. Rxd6+ Kg7 26. Rfd1 Rh4 27.
Qe2 Qe4 28. Qf2 Rf4 29. Rg6+ Kh7 30. Qb6 Qxf5 31. Rxh6+ Kg7 32. Rxh8 Kxh8 33.
Qh6+ 1-0

[Event "Open A"]
[Site "Panevezys"]
[Date "2009.08.18"]
[Round "2.17"]
[White "Rudys, Mantas"]
[Black "Latinis, Marius"]
[Result "0-1"]
[WhiteElo "1799"]
[BlackElo "1967"]
[PlyCount "118"]
[EventDate "2009.08.??"]

1. e4 c5 2. Nf3 a6 3. d4 cxd4 4. Nxd4 Nf6 5. Bd3 e6 6. O-O Qc7 7. c4 Be7 8. Be3
d6 9. Nc3 Nc6 10. Rc1 Bd7 11. a3 Rc8 12. b4 b6 13. Na4 Ne5 14. b5 Qb7 15. f3
axb5 16. Nxb5 Bxb5 17. cxb5 Rxc1 18. Bxc1 O-O 19. Be3 Ra8 20. Be2 Ned7 21. Nb2
d5 22. a4 Bc5 23. Bd4 dxe4 24. fxe4 Qxe4 25. Bxc5 Nxc5 26. Bf3 Qe3+ 27. Kh1
Nce4 28. Nc4 Qc5 29. Qe2 Rxa4 30. Bxe4 Rxc4 31. Bd3 Rc1 32. h3 g6 33. Qf3 Rxf1+
34. Qxf1 Kg7 35. Kh2 e5 36. Qe2 e4 37. Bc4 Qe5+ 38. g3 e3 39. Qf3 Qb2+ 40. Qe2
Qxe2+ 41. Bxe2 Ne4 42. Kg2 Nc3 43. Kf3 Nxe2 44. Kxe2 Kf6 45. Kxe3 Ke5 46. h4 f5
47. Kf3 h6 48. Ke3 g5 49. hxg5 hxg5 50. Kd3 f4 51. gxf4+ gxf4 52. Ke2 Kd4 53.
Kf3 Kc4 54. Kxf4 Kxb5 55. Ke3 Kc4 56. Kd2 Kb3 57. Kc1 b5 58. Kb1 b4 59. Ka1 Kc2
0-1

[Event "Open A"]
[Site "Panevezys"]
[Date "2009.08.18"]
[Round "2.18"]
[White "Barsciauskas, Gintautas"]
[Black "Juciute, Einora"]
[Result "1-0"]
[WhiteElo "1964"]
[BlackElo "1822"]
[PlyCount "53"]
[EventDate "2009.08.??"]

1. d3 e5 2. e4 Nf6 3. Be2 b6 4. Nf3 Qe7 5. c3 Bb7 6. O-O h6 7. Nbd2 c5 8. Nc4
Nc6 9. Ne3 g6 10. Nd5 Qd6 11. c4 Nh5 12. g3 Ng7 13. Ne1 Nd4 14. f4 Bxd5 15.
cxd5 f5 16. fxe5 Qxe5 17. Bf4 Qe7 18. Bf3 Nxf3+ 19. Qxf3 d6 20. e5 dxe5 21. d6
Qd8 22. Qc6+ Kf7 23. Bxe5 Kg8 24. d7 Be7 25. Qxg6 Rh7 26. Rxf5 Qxd7 27. Rf7 1-0

[Event "Open A"]
[Site "Panevezys"]
[Date "2009.08.18"]
[Round "2.20"]
[White "Sciupokas, Arunas"]
[Black "Stremavicius, Titas"]
[Result "1-0"]
[WhiteElo "1936"]
[BlackElo "1791"]
[PlyCount "117"]
[EventDate "2009.08.??"]

1. e4 c5 2. c3 d5 3. exd5 Qxd5 4. d4 Nc6 5. dxc5 Qxd1+ 6. Kxd1 Bf5 7. Be3 Nf6
8. Nd2 O-O-O 9. Ngf3 Ng4 10. b4 e5 11. Bc4 f6 12. Ke2 a5 13. a3 Ne7 14. h3 Nxe3
15. fxe3 Ng6 16. Rhf1 Bd7 17. Rfd1 Be7 18. Nb3 a4 19. Nbd2 Kc7 20. Ne4 Bc6 21.
Ng3 Bd7 22. Rac1 h5 23. Bd3 Nf8 24. Nf5 Bxf5 25. Bxf5 g6 26. Bc2 Ra8 27. Rd2 g5
28. Bf5 Rg8 29. g4 h4 30. Rcd1 Ra7 31. Rd7+ Nxd7 32. Rxd7+ Kb8 33. Rxe7 b6 34.
Rxa7 Kxa7 35. c6 Rg7 36. b5 Kb8 37. Nd2 Kc7 38. Ne4 Rf7 39. c4 Rf8 40. Nc3 Kd6
41. Nd5 Kc5 42. c7 Kxc4 43. Nxb6+ Kxb5 44. c8=Q Rxc8 45. Nxc8 Kc4 46. Be6+ Kc3
47. Nd6 Kc2 48. Nb5 Kb2 49. Kd2 e4 50. Bd5 Kb1 51. Bxe4+ Kb2 52. Bc2 Ka2 53.
Kc3 Ka1 54. Bxa4 Ka2 55. Bb3+ Ka1 56. Bc2 Ka2 57. a4 f5 58. Bxf5 Ka1 59. a5 1-0

[Event "Open A"]
[Site "Panevezys"]
[Date "2009.08.18"]
[Round "3.1"]
[White "Grabliauskas, Virginijus"]
[Black "Plunge, Gintautas"]
[Result "1-0"]
[WhiteElo "2409"]
[BlackElo "2130"]
[PlyCount "83"]
[EventDate "2009.08.??"]

1. d4 d5 2. c4 e6 3. Nf3 Nf6 4. g3 c5 5. cxd5 Nxd5 6. Bg2 Nc6 7. O-O Be7 8.
dxc5 Bxc5 9. Qc2 Qb6 10. Nbd2 Ncb4 11. Qc4 Bd7 12. Ne5 Bb5 13. Qg4 g6 14. Ndc4
Qc7 15. b3 f5 16. Qh4 Be7 17. Bg5 Bxg5 18. Qxg5 Bxc4 19. Nxc4 O-O 20. e4 Nf6
21. exf5 exf5 22. Qd2 Nc6 23. Qd6 Rf7 24. Rac1 Rd8 25. Qxc7 Rxc7 26. Na5 Ne4
27. Nxb7 Rxb7 28. Rxc6 Rd2 29. f3 Nd6 30. Rf2 Rd1+ 31. Bf1 Re7 32. Kg2 Ree1 33.
Rc7 a5 34. Rc5 f4 35. g4 a4 36. bxa4 Rd4 37. a5 Ra4 38. Rd2 Ra1 39. Rcc2 Nf7
40. Bc4 Kf8 41. Bb3 Rxa5 42. Rc7 1-0

[Event "Open A"]
[Site "Panevezys"]
[Date "2009.08.18"]
[Round "3.3"]
[White "Tsiganova, Monika"]
[Black "Daulyte, Deimante"]
[Result "0-1"]
[WhiteElo "2190"]
[BlackElo "2268"]
[PlyCount "76"]
[EventDate "2009.08.??"]

1. d4 Nf6 2. c4 g6 3. Nc3 Bg7 4. e4 d6 5. Be2 O-O 6. Bg5 Na6 7. Nf3 Qe8 8. O-O
e5 9. d5 Nc5 10. Nd2 a5 11. b3 Nfd7 12. Nb5 Na6 13. Rc1 f5 14. exf5 Rxf5 15.
Ne4 Ndc5 16. Nbxd6 cxd6 17. Nxd6 Qf8 18. Nxf5 gxf5 19. d6 Be6 20. f4 e4 21. g4
Nb4 22. Kh1 Kh8 23. a3 Na2 24. Be7 Qc8 25. gxf5 Bxf5 26. Rg1 Nxc1 27. Qxc1 Ne6
28. Qd2 Qc6 29. Rg2 e3 30. Qxe3 Be4 31. Bf1 Rg8 32. Qg3 Nd4 33. h3 Nf5 34. Qf2
Nxe7 35. dxe7 Qe6 36. Kh2 Bxg2 37. Bxg2 Qxe7 38. Bd5 Re8 0-1

[Event "Open A"]
[Site "Panevezys"]
[Date "2009.08.18"]
[Round "3.5"]
[White "Beinoraite, Viktorija"]
[Black "Kantans, Toms"]
[Result "0-1"]
[WhiteElo "2072"]
[BlackElo "2209"]
[PlyCount "116"]
[EventDate "2009.08.??"]

1. d4 e6 2. c4 b6 3. Nc3 Bb7 4. e4 Bb4 5. Bd3 f5 6. f3 Qh4+ 7. g3 Qh5 8. Bf4
fxe4 9. fxe4 Bxc3+ 10. bxc3 Qa5 11. Qc2 d6 12. Nf3 Nd7 13. O-O e5 14. Bd2 Ngf6
15. Ng5 c5 16. Rab1 Nf8 17. dxe5 dxe5 18. Rf5 O-O-O 19. Nf7 N8d7 20. Nxh8 Rxh8
21. Re1 Bc6 22. Bf1 Qa6 23. Bh3 Kc7 24. Rg5 g6 25. Be6 Re8 26. Bd5 Bxd5 27.
cxd5 Rg8 28. Rf1 b5 29. Qb3 h6 30. Rxf6 Qxf6 31. d6+ Qxd6 32. Qxg8 hxg5 33.
Bxg5 Qd1+ 34. Kf2 Qc2+ 35. Kg1 Qxe4 36. Qd8+ Kd6 37. Qe7+ Kc6 38. Qe6+ Kc7 39.
Be7 Qc6 40. Qg8 e4 41. Bg5 Kb7 42. h4 Ka6 43. Bf4 Nb6 44. g4 Nd5 45. Bb8 Nxc3
46. Qg7 b4 47. Qxa7+ Kb5 48. Be5 Qe6 49. Qb8+ Kc4 50. Bxc3 Qxg4+ 51. Kf1 Qf3+
52. Kg1 Qxc3 53. Qg8+ Kd3 54. Qxg6 Qa1+ 55. Kg2 Qxa2+ 56. Kg3 Qd5 57. Kf4 b3
58. Qg1 Kc2 0-1

[Event "Open A"]
[Site "Panevezys"]
[Date "2009.08.18"]
[Round "3.6"]
[White "Milasevicius, Jonas"]
[Black "Narmontas, Raimondas"]
[Result "1/2-1/2"]
[WhiteElo "1996"]
[BlackElo "2158"]
[PlyCount "43"]
[EventDate "2009.08.??"]

1. d4 e6 2. Nf3 c5 3. c3 d5 4. Bf4 Qb6 5. Qc2 Nc6 6. e3 Bd7 7. Nbd2 Nf6 8. Be2
Rc8 9. Qb3 Nh5 10. Qxb6 axb6 11. Bg3 Nxg3 12. hxg3 g6 13. O-O Bg7 14. Rfc1 O-O
15. Nb3 c4 16. Nbd2 Ra8 17. a3 Rfe8 18. e4 Na5 19. e5 Ba4 20. Nh2 Bh6 21. f4 g5
22. Ng4 1/2-1/2

[Event "Open A"]
[Site "Panevezys"]
[Date "2009.08.18"]
[Round "3.7"]
[White "Lomonosovas, Vitalijus"]
[Black "Kasperavicius, Jokubas"]
[Result "1-0"]
[WhiteElo "2115"]
[BlackElo "1972"]
[PlyCount "135"]
[EventDate "2009.08.??"]

1. Nf3 Nf6 2. c4 e6 3. Nc3 d5 4. e3 c6 5. Qc2 Bd6 6. d4 O-O 7. b3 b6 8. Be2 Ba6
9. O-O Nbd7 10. Bb2 Rc8 11. Rfd1 Bb7 12. a4 a6 13. a5 b5 14. c5 Bb8 15. e4 dxe4
16. Nxe4 Nxe4 17. Qxe4 Nf6 18. Qh4 Nd5 19. Qxd8 Rcxd8 20. g3 Bc8 21. Ne1 Rfe8
22. Nd3 Rd7 23. Bf3 Bb7 24. Re1 Red8 25. Re2 Kf8 26. Rae1 Bc7 27. b4 Ne7 28.
Be4 h6 29. f4 g6 30. Kf2 Nf5 31. Bxf5 gxf5 32. h3 h5 33. Rg1 Rd5 34. Ne5 Bxe5
35. fxe5 Ke7 36. g4 hxg4 37. hxg4 Rg8 38. gxf5 Rxg1 39. f6+ Kd8 40. Kxg1 Bc8
41. Rg2 Bd7 42. Rg8+ Be8 43. Kf2 Rd7 44. Ke3 Rd5 45. Ke4 Rd7 46. Bc1 Rc7 47.
Bh6 Kd7 48. Bf8 Rc8 49. Bd6 Ra8 50. Kf4 Rc8 51. Kg5 Ra8 52. Kh6 Ra7 53. Kg7 Ra8
54. Rf8 Rc8 55. Rxf7+ Bxf7 56. Kxf7 Rh8 57. Kg7 Rh1 58. f7 Rg1+ 59. Kh6 Rh1+
60. Kg5 Rg1+ 61. Kh4 Rh1+ 62. Kg3 Rf1 63. f8=Q Rg1+ 64. Kh4 Rg4+ 65. Kh5 Rh4+
66. Kg6 Rg4+ 67. Kf7 Rf4+ 68. Kg8 1-0

[Event "Open A"]
[Site "Panevezys"]
[Date "2009.08.18"]
[Round "3.8"]
[White "Barsciauskas, Gintautas"]
[Black "Jakovlev, Juri"]
[Result "0-1"]
[WhiteElo "1964"]
[BlackElo "2113"]
[PlyCount "92"]
[EventDate "2009.08.??"]

1. d3 e5 2. e4 Nc6 3. c3 d6 4. Be2 f5 5. Nf3 Nf6 6. Qc2 Be7 7. Nbd2 O-O 8. O-O
Kh8 9. b4 Qe8 10. b5 Nd8 11. a4 Ne6 12. exf5 Nf4 13. Ne4 Nxe2+ 14. Qxe2 Bxf5
15. h3 Qf7 16. Ng3 Bd7 17. Ng5 Qg6 18. d4 Nd5 19. Qe4 Qxe4 20. N5xe4 exd4 21.
cxd4 a6 22. bxa6 Rxa6 23. a5 b6 24. Bd2 Rfa8 25. Rfb1 Kg8 26. Nc3 Rxa5 27. Rxa5
Rxa5 28. Nge4 Bf5 29. f3 Nxc3 30. Bxc3 Ra4 31. Rb5 Bd7 32. Rb4 d5 33. Rxa4 Bxa4
34. Ng3 c5 35. Ne2 Kf7 36. Kf2 Bb5 37. Nf4 Bc4 38. Ke3 g6 39. g3 Bf6 40. h4 b5
41. Nd3 Bxd3 42. Kxd3 b4 43. Bd2 Bxd4 44. Bxb4 cxb4 45. Kxd4 h5 46. g4 Kf6 0-1

[Event "Open A"]
[Site "Panevezys"]
[Date "2009.08.18"]
[Round "3.9"]
[White "Viskelis, Steponas"]
[Black "Sciupokas, Arunas"]
[Result "1/2-1/2"]
[WhiteElo "2039"]
[BlackElo "1936"]
[PlyCount "80"]
[EventDate "2009.08.??"]

1. c4 Nf6 2. Nc3 e5 3. Nf3 Nc6 4. d4 exd4 5. Nxd4 Bb4 6. e3 O-O 7. Be2 Re8 8.
O-O Bxc3 9. bxc3 d6 10. Nxc6 bxc6 11. Qc2 Bg4 12. f3 Be6 13. c5 d5 14. c4 dxc4
15. Bxc4 Bxc4 16. Qxc4 Qd5 17. Qc3 Qe5 18. Qxe5 Rxe5 19. Bb2 Rxe3 20. Bxf6 gxf6
21. Rfe1 Rc3 22. Rac1 Rxc1 23. Rxc1 Rb8 24. Rc2 Kf8 25. Kf2 Ke7 26. Re2+ Kd7
27. Rd2+ Ke7 28. Ke3 Ke6 29. g4 Rb5 30. Kd4 Rb4+ 31. Ke3 Rc4 32. Rd3 Rxc5 33.
Ra3 a5 34. f4 f5 35. g5 f6 36. h4 fxg5 37. hxg5 Rd5 38. Rb3 Rb5 39. Rd3 Rd5 40.
Rb3 Rb5 1/2-1/2

[Event "Open A"]
[Site "Panevezys"]
[Date "2009.08.18"]
[Round "3.10"]
[White "Dainauskas, Juozas"]
[Black "Vaitonis, Vytautas"]
[Result "1/2-1/2"]
[WhiteElo "1938"]
[BlackElo "2032"]
[PlyCount "81"]
[EventDate "2009.08.??"]

1. e4 c5 2. c3 d5 3. exd5 Qxd5 4. d4 g6 5. Na3 Bg7 6. Nb5 Na6 7. Be3 cxd4 8.
Qa4 Bd7 9. Qxa6 bxa6 10. Nc7+ Kf8 11. Nxd5 dxe3 12. fxe3 Rb8 13. O-O-O a5 14.
Nf3 Bc6 15. Bc4 e6 16. Nf4 e5 17. Nh3 h6 18. Rd6 Bb5 19. Bxb5 Rxb5 20. Rd7 e4
21. Nd2 Be5 22. Nxe4 Ne7 23. Rxa7 Nc6 24. Rd7 Kg7 25. Rf1 Rf8 26. Nf4 Kg8 27.
Nd5 f5 28. Nd2 Bxh2 29. c4 Rbb8 30. Rh1 Ne5 31. Re7 Ng4 32. Ra7 Bd6 33. Rxa5
Rf7 34. c5 Bf8 35. Nc4 Bg7 36. b4 Nf2 37. Rh4 Nd3+ 38. Kd2 Nxb4 39. Ndb6 Nc6
40. Ra6 h5 41. Nd6 {...} 1/2-1/2

[Event "Open A"]
[Site "Panevezys"]
[Date "2009.08.18"]
[Round "3.11"]
[White "Petraitis, Gintautas"]
[Black "Ralys, Vincas"]
[Result "1-0"]
[WhiteElo "2028"]
[BlackElo "1868"]
[PlyCount "51"]
[EventDate "2009.08.??"]

1. e4 e5 2. Nf3 Nc6 3. Bb5 a6 4. Bxc6 dxc6 5. Nc3 Bg4 6. h3 Bxf3 7. Qxf3 Qd7 8.
d3 O-O-O 9. Be3 Bb4 10. O-O h5 11. Na4 Nh6 12. Rfd1 c5 13. Nxc5 Bxc5 14. Bxc5
g5 15. Qf6 h4 16. d4 Qb5 17. a4 Qe2 18. Re1 Qh5 19. Qxe5 Rhe8 20. Be7 f5 21.
exf5 g4 22. f6 Nf5 23. Qe6+ Kb8 24. Re5 gxh3 25. Qxf5 h2+ 26. Kxh2 1-0

[Event "Open A"]
[Site "Panevezys"]
[Date "2009.08.18"]
[Round "3.12"]
[White "Vanagas, Tadas"]
[Black "Upmanis, Gustavs"]
[Result "1/2-1/2"]
[WhiteElo "1860"]
[BlackElo "2004"]
[PlyCount "37"]
[EventDate "2009.08.??"]

1. d4 Nf6 2. c4 e5 3. dxe5 Ng4 4. Bf4 g5 5. Bg3 Nc6 6. Nf3 Bg7 7. Nc3 Ngxe5 8.
Nxe5 Nxe5 9. e3 d6 10. Be2 Be6 11. Rc1 O-O 12. b3 f5 13. f4 Ng6 14. O-O g4 15.
e4 h5 16. exf5 Bxf5 17. Bd3 Bd4+ 18. Kh1 Bxc3 19. Rxc3 1/2-1/2

[Event "Open A"]
[Site "Panevezys"]
[Date "2009.08.18"]
[Round "3.17"]
[White "Novikovas, Anatolijus"]
[Black "Grybas, Gintaras"]
[Result "1/2-1/2"]
[WhiteElo "1916"]
[BlackElo "2060"]
[PlyCount "50"]
[EventDate "2009.08.??"]

1. d4 Nf6 2. c4 e6 3. g3 d5 4. Bg2 c6 5. Nf3 Be7 6. O-O O-O 7. Nc3 Nbd7 8. cxd5
exd5 9. a3 Nb6 10. b4 a6 11. Bg5 Bf5 12. e3 Nc4 13. Bxf6 Bxf6 14. Na4 a5 15.
Nc5 b6 16. Nd3 Qd6 17. Nfe1 Ra7 18. Nc2 Rfa8 19. f3 Re8 20. Re1 Rae7 21. Kf2 h5
22. f4 h4 23. Ne5 Bxe5 24. dxe5 Qg6 25. Nd4 Nb2 1/2-1/2

[Event "Open A"]
[Site "Panevezys"]
[Date "2009.08.18"]
[Round "3.18"]
[White "Zebelis, Rimantas"]
[Black "Kviliunas, Vladislovas"]
[Result "0-1"]
[WhiteElo "1982"]
[BlackElo "1908"]
[PlyCount "102"]
[EventDate "2009.08.??"]

1. d4 Nf6 2. Nf3 e6 3. c4 d5 4. a3 c5 5. e3 cxd4 6. exd4 Be7 7. Nc3 O-O 8. Bd3
Nc6 9. O-O dxc4 10. Bxc4 Nd5 11. Bxd5 exd5 12. Qb3 Be6 13. Qxb7 Na5 14. Qa6 Nb3
15. Ra2 Bf6 16. Be3 Qc7 17. Qd3 Rfc8 18. Nd2 Qb7 19. Qc2 Nxd4 20. Bxd4 Bxd4 21.
Qd3 Bxc3 22. bxc3 Qc7 23. Rc2 Qf4 24. Rfc1 Bf5 25. Qe3 Qxe3 26. fxe3 Bxc2 27.
Rxc2 Rab8 28. Kf2 Rb6 29. Ke2 Ra6 30. Nb1 Rb8 31. Rc1 Rb2+ 32. Kd3 Rxg2 33. Nd2
Rxa3 34. Rb1 g6 35. Rb5 Ra2 36. Nb3 Rab2 37. Kd4 Rxh2 38. Rb8+ Kg7 39. Kxd5
Rh5+ 40. Kc4 a6 41. Ra8 Re5 42. Rxa6 Rxe3 43. Nd4 Rb7 44. Rc6 h5 45. Nb5 Rd7
46. Kc5 h4 47. Ra6 Rd1 48. Ra2 g5 49. c4 h3 50. Nd4 Re5+ 51. Kd6 f6 0-1

[Event "Open A"]
[Site "Panevezys"]
[Date "2009.08.18"]
[Round "3.19"]
[White "Vaicekauskas, Gytis"]
[Black "Rudys, Mantas"]
[Result "1/2-1/2"]
[WhiteElo "1878"]
[BlackElo "1799"]
[PlyCount "49"]
[EventDate "2009.08.??"]

1. e4 c5 2. Nf3 Nc6 3. c3 Nf6 4. e5 Nd5 5. d4 cxd4 6. cxd4 d6 7. Bc4 Nb6 8. Bb5
dxe5 9. Nxe5 Bd7 10. Nxd7 Qxd7 11. O-O Rd8 12. Be3 e6 13. Nc3 Be7 14. Qg4 O-O
15. Bh6 Qxd4 16. Qxd4 Nxd4 17. Be3 Bf6 18. h3 Nd5 19. Nxd5 Rxd5 20. Bc4 Rd6 21.
Bxd4 Rxd4 22. Rac1 Rd2 23. b4 g6 24. Rfd1 Rfd8 25. Bb3 1/2-1/2

[Event "Open A"]
[Site "Panevezys"]
[Date "2009.08.18"]
[Round "3.20"]
[White "Voroblievas, Arturas"]
[Black "Stremavicius, Titas"]
[Result "1-0"]
[WhiteElo "1868"]
[BlackElo "1791"]
[PlyCount "81"]
[EventDate "2009.08.??"]

1. e4 c5 2. Nf3 Nc6 3. d4 cxd4 4. Nxd4 Nf6 5. Nc3 e5 6. Ndb5 d6 7. Bg5 a6 8.
Na3 b5 9. Bxf6 gxf6 10. Nd5 Be6 11. c3 f5 12. exf5 Bxf5 13. Qf3 Bd7 14. Nf6+
Ke7 15. Nc2 Bg7 16. Nd5+ Kf8 17. Nce3 Qg5 18. h4 Qh6 19. Nb6 Rd8 20. Nxd7+ Rxd7
21. Qxc6 Rd8 22. Qxa6 b4 23. Qb6 Rc8 24. Qxb4 Qe6 25. g3 Rd8 26. Bh3 Qf6 27.
Rd1 Kg8 28. Qb6 Bf8 29. O-O Ra8 30. a3 h5 31. Nd5 Qg7 32. Bg2 Rc8 33. Rd3 Rh6
34. Qb7 Re8 35. a4 Qg4 36. Rf3 f5 37. Ne3 Qxa4 38. Rxf5 Re7 39. Bd5+ Kg7 40.
Rf7+ Kg6 41. Rxe7 1-0

[Event "Open A"]
[Site "Panevezys"]
[Date "2009.08.18"]
[Round "3.21"]
[White "Juciute, Einora"]
[Black "Giedraityte, Ausra"]
[Result "0-1"]
[WhiteElo "1822"]
[BlackElo "1749"]
[PlyCount "60"]
[EventDate "2009.08.??"]

1. d4 Nf6 2. f4 d5 3. Nf3 Bf5 4. e3 e6 5. Nbd2 c5 6. c4 dxc4 7. Bxc4 Nc6 8.
dxc5 Bxc5 9. Qe2 O-O 10. a3 Na5 11. e4 Bg6 12. Ba2 Nc6 13. h3 Nh5 14. Nf1 Nf6
15. e5 Bd3 16. Qd1 Ne4 17. Ne3 Ng3 18. Rg1 Ne2 19. Rf1 Nxc1 20. Qxc1 Qb6 21.
Ng4 Bxf1 22. Kxf1 h5 23. Nf6+ gxf6 24. exf6 Bd4 25. Ne5 Qxb2 26. Qe1 Qxa1 27.
Bb1 Nxe5 28. fxe5 Qc3 29. Qe4 Qc1+ 30. Ke2 Qe3+ 0-1

[Event "Open A"]
[Site "Panevezys"]
[Date "2009.08.19"]
[Round "4.1"]
[White "Daulyte, Deimante"]
[Black "Grabliauskas, Virginijus"]
[Result "0-1"]
[WhiteElo "2268"]
[BlackElo "2409"]
[PlyCount "98"]
[EventDate "2009.08.??"]

1. e4 c5 2. Nf3 e6 3. d4 cxd4 4. Nxd4 a6 5. Be2 b5 6. O-O Bb7 7. Bf3 Ne7 8. a4
b4 9. c3 Nbc6 10. g3 Ng6 11. Nxc6 Bxc6 12. cxb4 Qb8 13. Qd4 Qxb4 14. Be3 f6 15.
Nd2 Ne5 16. Bh5+ g6 17. Be2 Qxd4 18. Bxd4 Bb4 19. Nf3 Nxf3+ 20. Bxf3 e5 21. Bc3
Bxc3 22. bxc3 a5 23. Be2 Bxe4 24. Bb5 Bf3 25. Rfe1 g5 26. Re3 g4 27. c4 Ke7 28.
Rd3 Ra7 29. Ra2 Rc8 30. Ra1 Rc5 31. Kf1 Rac7 32. Ke1 Ke6 33. Ra2 e4 34. Rd4 Rh5
35. Rad2 Rxh2 36. Rd6+ Kf5 37. R2d5+ Kg6 38. Rxd7 e3 39. fxe3 Rxd7 40. Rxd7
Re2+ 41. Kf1 Rxe3 42. Ra7 h5 43. c5 h4 44. gxh4 g3 45. h5+ Kxh5 46. Rg7 Kh4 47.
c6 Rc3 48. Ke1 Rc2 49. c7 g2 0-1

[Event "Open A"]
[Site "Panevezys"]
[Date "2009.08.19"]
[Round "4.2"]
[White "Labuckas, Aidas"]
[Black "Malinin, Yuri"]
[Result "0-1"]
[WhiteElo "2322"]
[BlackElo "2319"]
[PlyCount "104"]
[EventDate "2009.08.??"]

1. g3 c5 2. Bg2 Nc6 3. e4 g6 4. Nc3 Bg7 5. d3 d6 6. f4 e6 7. Nf3 Nge7 8. O-O
O-O 9. Be3 Nd4 10. Rb1 b6 11. Ne2 Nxf3+ 12. Bxf3 Bb7 13. g4 f5 14. Ng3 Qd7 15.
c3 Rad8 16. Qe2 d5 17. gxf5 exf5 18. e5 d4 19. cxd4 cxd4 20. Bd2 Bxf3 21. Qxf3
Nd5 22. Rfe1 Rfe8 23. h4 Nc7 24. h5 Qd5 25. Qxd5+ Rxd5 26. Kf2 Ne6 27. b4 Rc8
28. Rbc1 Rdd8 29. hxg6 hxg6 30. Kf3 Kf7 31. Rxc8 Rxc8 32. Rc1 Rxc1 33. Bxc1 Bf8
34. Bd2 Ke8 35. Ne2 Kd7 36. b5 Bc5 37. Kg3 Nc7 38. a4 Ke6 39. Ng1 Kd5 40. Nf3
Be7 41. Bc1 Ne6 42. Bb2 Bb4 43. Kh4 Nxf4 44. Kg5 Nxd3 45. Bxd4 Ke4 46. Kxg6 f4
47. e6 Kxf3 48. a5 bxa5 49. Bxa7 Ke4 50. Kf6 Kd5 51. e7 Bxe7+ 52. Kxe7 a4 0-1

[Event "Open A"]
[Site "Panevezys"]
[Date "2009.08.19"]
[Round "4.4"]
[White "Jakovlev, Juri"]
[Black "Tsiganova, Monika"]
[Result "1/2-1/2"]
[WhiteElo "2113"]
[BlackElo "2190"]
[PlyCount "20"]
[EventDate "2009.08.??"]

1. Nf3 Nf6 2. g3 d5 3. Bg2 c6 4. O-O Bf5 5. d3 h6 6. Nbd2 e6 7. Re1 Be7 8. c3
O-O 9. Ne5 Nbd7 10. Nxd7 Qxd7 1/2-1/2

[Event "Open A"]
[Site "Panevezys"]
[Date "2009.08.19"]
[Round "4.6"]
[White "Plunge, Gintautas"]
[Black "Milasevicius, Jonas"]
[Result "1/2-1/2"]
[WhiteElo "2130"]
[BlackElo "1996"]
[PlyCount "148"]
[EventDate "2009.08.??"]

1. e4 c5 2. Nf3 Nc6 3. c3 d5 4. exd5 Qxd5 5. d4 e6 6. Bd3 Nf6 7. O-O Bd7 8. Be3
cxd4 9. cxd4 Be7 10. Nc3 Qh5 11. Ne5 Qxd1 12. Raxd1 Nxe5 13. dxe5 Ng4 14. Bd4
Bc6 15. h3 Nh6 16. Nb5 O-O 17. Nxa7 Bd5 18. a3 g6 19. Nb5 Bc6 20. Nc3 Nf5 21.
Bb6 Bd8 22. Bxd8 Rfxd8 23. Bxf5 gxf5 24. Rxd8+ Rxd8 25. Rd1 Ra8 26. f4 Ra5 27.
Kf2 Kg7 28. Rd6 h5 29. g3 Rc5 30. Ke3 Ra5 31. h4 Ra8 32. Kd4 Kf8 33. Kc5 Ke7
34. Rd3 f6 35. exf6+ Kxf6 36. Kb4 Re8 37. a4 e5 38. Rd6+ Kg7 39. fxe5 Rxe5 40.
a5 Bg2 41. Rd2 Bc6 42. Rd3 Kf6 43. Rd6+ Ke7 44. Rh6 Bf3 45. Nb5 Re4+ 46. Kc5 f4
47. gxf4 Rxf4 48. Nd6 Kd7 49. Rh7+ Ke6 50. Nxb7 Rxh4 51. b4 Rh1 52. Nd8+ Kf5
53. a6 Kg6 54. Rf7 Bg2 55. Rf2 Be4 56. Ne6 Ra1 57. b5 h4 58. Kb6 Kh5 59. Nc5
Bh1 60. Ka7 h3 61. Rf8 Bg2 62. b6 Kh4 63. b7 Bxb7 64. Kxb7 h2 65. Rh8+ Kg3 66.
Ne4+ Kg2 67. Rg8+ Kf3 68. Ng3 Rb1+ 69. Kc6 Ra1 70. Kb6 Rb1+ 71. Kc5 Ra1 72. Kb5
Rb1+ 73. Kc4 Ra1 74. Kb5 Rb1+ 1/2-1/2

[Event "Open A"]
[Site "Panevezys"]
[Date "2009.08.19"]
[Round "4.8"]
[White "Vaitonis, Vytautas"]
[Black "Latinis, Marius"]
[Result "1/2-1/2"]
[WhiteElo "2032"]
[BlackElo "1967"]
[PlyCount "23"]
[EventDate "2009.08.??"]

1. c4 g6 2. d4 Bg7 3. Nf3 Nf6 4. g3 O-O 5. Bg2 c6 6. O-O d5 7. cxd5 cxd5 8. Nc3
Nc6 9. Ne5 Qb6 10. Na4 Qb5 11. Nc3 Qb6 12. Na4 1/2-1/2

[Event "Open A"]
[Site "Panevezys"]
[Date "2009.08.19"]
[Round "4.9"]
[White "Narva, Triin"]
[Black "Bieliauskas, Marius"]
[Result "0-1"]
[WhiteElo "1865"]
[BlackElo "2144"]
[PlyCount "72"]
[EventDate "2009.08.??"]

1. e4 c5 2. Nf3 e6 3. c3 Nf6 4. Bd3 d5 5. exd5 Nxd5 6. Bb5+ Bd7 7. Bxd7+ Qxd7
8. O-O Nc6 9. d4 cxd4 10. Nxd4 Be7 11. Nxc6 Qxc6 12. Qg4 O-O 13. Bh6 Bf6 14.
Nd2 Kh8 15. Bg5 Bxg5 16. Qxg5 h6 17. Qh4 e5 18. Nf3 Rae8 19. Qg3 e4 20. Nd4 Qf6
21. Ne2 Re5 22. f4 Re7 23. Nd4 e3 24. Rae1 Re4 25. Rf3 Rfe8 26. Ne2 Qb6 27. b3
Qc5 28. c4 Nb4 29. Nc3 R4e7 30. f5 Nc2 31. f6 gxf6 32. Nd5 e2+ 33. Kh1 Re6 34.
Qh4 Qf8 35. Nc7 Nxe1 36. Qxe1 Qb4 0-1